| 000 | 00679nam a22002057a 4500 | ||
|---|---|---|---|
| 008 | 131009b xxu||||| |||| 00| 0 alb d | ||
| 020 | _a9951130002X | ||
| 041 | 0 | _aalb | |
| 080 |
_a011 _x(05) |
||
| 100 | _aFoniqi, Tahir | ||
| 245 | 1 | 0 |
_aBibliografia e revistës KOHA 1978 - 1989 / _cTahir Foniqi. |
| 260 |
_aPrishtinë : _bBiblioteka Kombëtare dhe Universitare e Kosovës ; _c2004 |
||
| 300 |
_a208 f. ; _c20 cm. |
||
| 500 | _aParathënie: f. 5 | ||
| 505 | _aTreguesit : f. 169 - 211 | ||
| 650 | 0 |
_aBibliografia _xRevista "Koha" _y1978-1989 |
|
| 650 | 0 |
_aBibliografia _xShtypi periodik shqiptar |
|
| 700 | _aBiblioteka Kombëtare dhe Universitate e Kosovës. | ||
| 942 |
_2udc _cBK |
||
| 999 |
_c74 _d74 |
||